Pohľad predstaviteľov teórie regulovania na medzinárodnú migráciu pracovných síl

Najnovšie práce predstaviteľov teórie regulovania, ktoré sa zaoberajú medzinárodnými vzťahmi a sústreďujú sa na problémy medzinárodnej migrácie pracovných síl. Javy, s ktorými tradičná teória neuvažovala: sieťové efekty, pas mobility, kaskádovité efekty. Zároveň predkladajú alternatívny návrh k uved...

Descripción completa

Guardado en:
Detalles Bibliográficos
Autor principal: Přívarová, Magdaléna, 1955-
Formato: Capítulo de libro
Lenguaje:eslovaco
Materias:
Etiquetas: Agregar Etiqueta
Sin Etiquetas, Sea el primero en etiquetar este registro!

MARC

LEADER 00000nla a2200000 4500
001 0179344
005 20240502073040.3
041 0 |a slo 
044 |a SK 
245 1 0 |a Pohľad predstaviteľov teórie regulovania na medzinárodnú migráciu pracovných síl  |c Magdaléna Přívarová 
520 |a Najnovšie práce predstaviteľov teórie regulovania, ktoré sa zaoberajú medzinárodnými vzťahmi a sústreďujú sa na problémy medzinárodnej migrácie pracovných síl. Javy, s ktorými tradičná teória neuvažovala: sieťové efekty, pas mobility, kaskádovité efekty. Zároveň predkladajú alternatívny návrh k uvedenému prístupu. 
610 2 0 |a pohyb síl pracovných 
610 2 0 |a pohyb síl pracovných medzinárodný 
610 2 0 |a práca v zahraničí 
610 2 0 |a pracovníci zahraniční 
610 2 0 |a migrácia 
100 1 |a Přívarová, Magdaléna, 1955-